Know-how: listed buildings (Record no. 71121)
[ view plain ]
| 000 -LEADER | |
|---|---|
| fixed length control field | 00799cam a2200193 4500 |
| 001 - CONTROL NUMBER | |
| control field | ABS65802 |
| 008 - FIXED-LENGTH DATA ELEMENTS--GENERAL INFORMATION | |
| fixed length control field | 020910n2002 000 0 eng u |
| 035 ## - SYSTEM CONTROL NUMBER | |
| System control number | (Sirsi) u119644 |
| 100 ## - MAIN ENTRY--PERSONAL NAME | |
| Personal name | Collar, N. |
| 245 ## - TITLE STATEMENT | |
| Title | Know-how: listed buildings |
| 260 ## - PUBLICATION, DISTRIBUTION, ETC. | |
| Date of publication, distribution, etc. | 2002 |
| 490 ## - SERIES STATEMENT | |
| Series statement | Scottish Planning and Environmental Law |
| Volume/sequential designation | (92) August 2002, 88-89(2) |
| 520 ## - SUMMARY, ETC. | |
| Summary, etc. | Basic explanations of terms connected with listed buildings in Scotland. Describes the different grades; what is included in the listing; how buildings are designated as being listed; the consequences of designation; and how the listing can be challenged |
| 590 ## - LOCAL NOTE (RLIN) | |
| Local note | ABS |
| 650 ## - SUBJECT ADDED ENTRY--TOPICAL TERM | |
| Topical term or geographic name entry element | LISTED BUILDINGS |
| 650 ## - SUBJECT ADDED ENTRY--TOPICAL TERM | |
| Topical term or geographic name entry element | SCOTLAND |
| 690 ## - LOCAL SUBJECT ADDED ENTRY--TOPICAL TERM (OCLC, RLIN) | |
| Topical term or geographic name as entry element | BUILT ENVIRONMENT-BUILDING MAINTENANCE AND REFURBISHMENT-BUILDING CONSERVATION |
| 942 ## - ADDED ENTRY ELEMENTS (KOHA) | |
| Suppress in OPAC | 0 |
| Withdrawn status | Lost status | Source of classification or shelving scheme | Damaged status | Not for loan | Home library | Current library | Shelving location | Date acquired | Total Checkouts | Full call number | Barcode | Date last seen | Copy number | Price effective from | Koha item type |
|---|---|---|---|---|---|---|---|---|---|---|---|---|---|---|---|
| Dewey Decimal Classification | London | London | Journal article | 18/09/2002 | ABS65802 | 119644-2001 | 06/08/2019 | 1 | 06/08/2019 | Journal article |